Meister der 1. jugoslawischen Fußballliga - Statistiken

Allgemein
  • Dieses Quiz wurde 60 mal gespielt
  • Das Durchschnittsergebnis liegt bei 39 aus 46
Antwortstatistiken
Saison Meister % Korrekt
1951 FK Roter Stern Belgrad
96%
1952/53 FK Roter Stern Belgrad
96%
1955/56 FK Roter Stern Belgrad
96%
1956/57 FK Roter Stern Belgrad
96%
1958/59 FK Roter Stern Belgrad
96%
1959/60 FK Roter Stern Belgrad
96%
1963/64 FK Roter Stern Belgrad
96%
1967/68 FK Roter Stern Belgrad
96%
1968/69 FK Roter Stern Belgrad
96%
1969/70 FK Roter Stern Belgrad
96%
1972/73 FK Roter Stern Belgrad
96%
1976/77 FK Roter Stern Belgrad
96%
1979/80 FK Roter Stern Belgrad
96%
1980/81 FK Roter Stern Belgrad
96%
1983/84 FK Roter Stern Belgrad
96%
1985/86 FK Roter Stern Belgrad
96%
1987/88 FK Roter Stern Belgrad
96%
1989/90 FK Roter Stern Belgrad
96%
1990/91 FK Roter Stern Belgrad
96%
1991/92 FK Roter Stern Belgrad
96%
1947/48 FD Dinamo Zagreb
92%
1953/54 FD Dinamo Zagreb
92%
1957/58 FD Dinamo Zagreb
92%
1981/82 FD Dinamo Zagreb
92%
1950 NK Hajduk Split
88%
1952 NK Hajduk Split
88%
1954/55 NK Hajduk Split
88%
1970/71 NK Hajduk Split
88%
1973/74 NK Hajduk Split
88%
1974/75 NK Hajduk Split
88%
1978/79 NK Hajduk Split
88%
1946/47 FK Partizan Belgrad
85%
1948/49 FK Partizan Belgrad
85%
1960/61 FK Partizan Belgrad
85%
1961/62 FK Partizan Belgrad
85%
1962/63 FK Partizan Belgrad
85%
1964/65 FK Partizan Belgrad
85%
1975/76 FK Partizan Belgrad
85%
1977/78 FK Partizan Belgrad
85%
1982/83 FK Partizan Belgrad
85%
1986/87 FK Partizan Belgrad
85%
1965/66 Vojvodina Novi Sad
50%
1988/89 Vojvodina Novi Sad
50%
1966/67 FK Sarajevo
31%
1984/85 FK Sarajevo
31%
1971/72 Željezničar Sarajevo
17%
Keine übereinstimmenden Quizze gefunden
Verteilung der Resultate
Anzahl Personen mit jedem Resultat
Perzentil nach korrekt beantworteten Fragen
Ihre Resultats-Entwicklung
Sie haben dieses Quiz noch nicht gespielt